| 000 | 00605nam a2200229Ia 4500 | ||
|---|---|---|---|
| 008 | 140626s9999 xx 000 0 und d | ||
| 100 | _aMishra, Maitreyee. | ||
| 245 |
_aEnvironmental communication in India : _b lessons from Orissa / _cMaitreyee Mishra |
||
| 260 | _cc2013. | ||
| 300 | _a40 : 1, page 85 | ||
| 440 | _aMedia Asia | ||
| 521 | _aMC | ||
| 650 | _aCinema. | ||
| 650 | _aEnvironment. | ||
| 650 | _aEnvironmental communication. | ||
| 650 | _aEnvironmental ideology. | ||
| 650 | _aJournalism. | ||
| 650 | _aMovement. | ||
| 650 | _aOrissa. | ||
| 650 | _aTradition. | ||
| 942 | _cSE | ||
| 999 |
_c121190 _d121190 |
||